LEADER 01004nam0 2200265 i 450 001 SUN0072839 005 20100331120000.0 010 $a88-8096-507-7 100 $a20091124d1997 |0itac50 ba 101 $aita 102 $aIT 105 $a|||| ||||| 200 1 $aVirgilio$fArmando Salvatore 210 $aNapoli$cLoffredo$d1997 215 $a452 p.$d21 cm. 410 1$1001SUN0034828$12001 $aStudi latini$v24$1210 $aNapoli$cLoffredo$d1989-. 620 $dNapoli$3SUNL000005 700 1$aSalvatore$b, Armando$f1922- $3SUNV034338$0158131 712 $aLoffredo$3SUNV000521$4650 801 $aIT$bSOL$c20181109$gRICA 912 $aSUN0072839 950 $aUFFICIO DI BIBLIOTECA DEL DIPARTIMENTO DI LETTERE E BENI CULTURALI$d07 CONS Xe 6 Verg $e07 5732 995 $aUFFICIO DI BIBLIOTECA DEL DIPARTIMENTO DI LETTERE E BENI CULTURALI$bIT-CE0103$h5732$kCONS Xe 6 Verg$oc$qa 996 $aVirgilio$9538287 997 $aUNICAMPANIA